Quizzes dans quiz (attention, ça fait c....) - Statistiques

Statistiques générales
  • Ce quiz a été pris 42 fois
  • Le résultat moyen est 13 sur 26
Statistiques - réponses
Hint Réponse % Correct
Géographie et corps humain : république dominic.... Aine
92%
Pays et animaux par ordre alphabétique de A à U : Ethio... Pie
86%
Géographie et noms : Ho--- Simpson Mer
84%
Pièces de la maison : pièce où ta meuf se rase tous les matins Salle de bain
84%
Nombres débiles : dans le film "2 hommes dans la ville", combien y a t-il d'hommes dans la ville ? (en chiffres) 2
81%
Jours de la semaine : jour du mardi gras Mardi
81%
Ophtalmologues : délai en années pour obtenir un rendez-vous quand la secrétaire daigne répondre (chiffre compris entre 2 et 3) 3
76%
Pays et fautes de frappe : Eswattini Eswatini
70%
Chantal Goya : Un Lapin (paroles du refrain) : ce ..... Matin
70%
Films et erreurs : Le fabuleux destin d'Amélie Pouliche Poulain
70%
Signes astrologiques par indices : elle n'a jamais vu le loup Vierge
65%
Tintin et les couleurs : couleur de ce que mange Haddock dans "Tintin au Tibet", lui donnant la bouche en feu Rouge
62%
Christian Clavier Azerty (de A à N) : A : personnage qu'il a joué plusieurs fois d'après une des BD de René Goscinny et Albert Uderzo : Asterix
54%
Starsky et Hutch : métier de Starsky et Hutch Policier
51%
Poire à lavement (pas de panique, ce n'est pas ce que vous pensez) : Qu'est-ce qu'elle soulage : la migraine - la constipation - la dépression - les cors aux pieds La constipation
35%
Loto : trouvez les bons n° selon un indice : ce que le Docteur nous dit de dire (en chiffres) 33
32%
Anagrammes : mots anglais : rangy Angry
32%
Quiz qui marche le plus sur JetPunk Pays du monde
27%
Animaux et noms : Michel ---coli Pic
27%
Anagrammes des signes astrologiques (pour ceux qui en ont) : cancer : Cancre
24%
Panneaux de circulation et erreurs : accès interdit aux testicules dont la longueur dépasse la valeur indiquée Véhicules
22%
Saint-Valentin : les comédies romantiques à voir pour la célébrer : Hugh Grant/Julia Roberts : Coup de foudre à Notting Hill
16%
PANNEAUX ET ANTONYMES : halte d'humains sauvages : Passage d'animaux domestiques
8%
Habitations dans des mots et phrases : Pancho ..... Villa
8%
Louis de Funès : Les métiers qu'il exerce dans ses films : Fantomas : Commissaire
5%
Madonna : Into the Groove (refrain) : Get ---- Into
5%
Aucun quiz correspondant
Distribution des résultats
% des personnes avec chaque résultat
Percentile par nombre de réponses
Votre historique - résultats
Vous n’avez pas pris ce quiz